00000000nam##2200000za#4500
0019.661973
003CaOODSP
00520210615120321
007ta
008150407|2000||||xxc|||||     f|0| 0 eng|d
020 |a0-662-65068-9
040 |aCaOODSP|beng
041 |aeng
041 |afre
043 |an-cn---
0861 |aT48-28/2000
1101 |aCanada.|bTransport Canada. |bTransportation Development Centre.
24510|aWorking for innovation in transportation
260 |aOttawa - Ontario : |bTransport Canada. |c2000.
546 |aBilingual
563 |aPamphlet
590 |a01-10|b2001-03-09
69007|aTransport|2gcpds
7760#|tLe centre de développement des transports : |w(CaOODSP)9.675652
792 |tAu service de l'innovation en transports |efre|w(CaOODSP)9.661974